Normal view
MARC view
Entry Geographic Name
001 - CONTROL NUMBER
- control field: 557
003 - CONTROL NUMBER IDENTIFIER
- control field: csc
005 - DATE AND TIME OF LATEST TRANSACTION
- control field: 20140507162051.0
008 - FIXED-LENGTH DATA ELEMENTS
- fixed length control field: 130215|| aca||aabn | a|a d
040 ## - CATALOGING SOURCE
- Original cataloging agency: csc
- Transcribing agency: csc
151 ## - HEADING--GEOGRAPHIC NAME
- Geographic name: Europe
- General subdivision: History, Military
- Chronological subdivision: 1492-1648.
670 ## - SOURCE DATA FOUND
- Source citation: Work cat.: (csc)7: Wilson, Peter H. (Peter Hamish) 355, The Thirty Years War :, 2009.